Á lódáil...

Dharmveer bharathi ka kavya-shilpa/

Sonraí Bibleagrafaíochta
Príomhúdar: Alka Rani Varma
Formáid: Printed Book
Foilsithe: New Delhi: Nirmal, 1995.
Ábhair:
LEADER 00607nam a22001691a 4500
082 |a H100 7  |b ALK/D 
100 |a Alka Rani Varma  |9 165019 
245 |a Dharmveer bharathi ka kavya-shilpa/  |c by Alka Rani Varma 
260 |a New Delhi:  |b Nirmal,  |c 1995. 
300 |a 189p. 
650 |a Poetry Dharmveer Bharathi Study  |9 165020 
650 |a Poetry Hindi Study  |9 165021 
650 |a Literature Hindi  |9 165022 
650 |a Literature  |9 165023 
942 |c BK 
999 |c 10569  |d 10569 
952 |0 0  |1 0  |4 0  |6 H_100_700000000000000_ALK_D  |7 0  |9 15443  |a SSUS  |b SSUS  |d 2015-01-08  |g 150.00  |o H100 7 ALK/D  |p 019489  |r 2015-01-08  |v 0.00  |w 2015-01-08  |y BK